000
00313nam a22001337a 4500
008
171030b xxu||||| |||| 00| 0 eng d
020
_a
9781401322908
041
_a
eng
080
_a
338.5
100
_a
57
101
_a
QMI
245
_a
FREE THE FUTURE OF A RADICAL PRICE
_c
ANDERSON.CH
942
_2
udc
_c
BK
999
_c
36463
_d
36463